Trust : the social virtues and the creation of prosperity

Saved in:
Bibliographic Details
Main Author: Fukuyama, Francis
Format: Book
Language:English
Published: New York : Free Press, 1996, c1995
Subjects:
Tags: Add Tag
No Tags, Be the first to tag this record!

MARC

LEADER 00000nam a2200000 i 4500
001 1/55135
008 070918s1996 eng d
020 |a 978-0-684-82525-0 (pbk.) 
020 |a 0-684-82525-2 (pbk.) 
035 |l 10090779 
040 |a GR-MY-UA  |b gre  |e aacr 
041 0 |a eng 
082 0 |a 306.3  |2 (22) 
100 1 |a Fukuyama, Francis. 
245 1 0 |a Trust :  |b the social virtues and the creation of prosperity /  |c Francis Fukuyama 
260 |a New York :   |b Free Press,   |c 1996, c1995 
300 |a xv, 457 σ.;  |c 25 εκ. 
504 |a Βιβλιογραφία: σ. 421-441 
504 |a Περιέχει ευρετήριο 
650 0 0 |a Economics  |x Moral and ethical aspects. 
650 0 0 |a Trust. 
650 0 0 |a Virtue. 
650 0 0 |a Economic history  |y 1945- 
852 |a INST  |b LESVOS  |e 20070918  |h 306.3 FUK  |p 005100039082  |q 005100039082  |t BK  |y 0 
901 |a BIBL1-2007-3 
909 |a Λ  |b 139053 
922 |a 1ΕΛΗ  |b 200709  |c ΕΠΕΑΕΚ2/ΤΠ  |d ΠΑΠΑΣΩΤΗΡΙΟΥ 
970 |a ΒΑΡΚΑ  |b ΕΛΕΥΘΕΡΙΑ  |z 2007/09/18